000 00969nam a22002777a 4500
005 20100805155149.0
008 100412t xxu||||| |||| 00| 0 ur d
010 _aUR-7588
020 _c50.00
035 _aU-6143
037 _bAl Hasanat Books
040 _adpl
_bur
082 _a641.5
100 _aعزرا شاہد
_9616
245 _aکباب اور کٹلٹس /
_cعزرا شاہد
_b
246 _aKabaab Aur Cutlets /
_bby Azra Shahid
260 _a دلّی
_bالحسنات بکس
_c2010
270 _a3004/2, Sir Syed Ahmad Road, Darya Ganj
_bNew Delhi
_e110002
_k2321845
_malhasanatbooks@rediffmail.com
300 _a152 ص
_b16 س م (pbk)
500 _a
600 _aکہا نی
_9966
600 _aStory
_9967
700 _96717
942 _2ddc
_cUR
_h641.5
_mع ز ر
999 _c39545
_d39545